Step right in (Record no. 117479)

MARC details
000 -LEADER
fixed length control field 01346cam a2200253 4500
001 - CONTROL NUMBER
control field ABS67795
008 - FIXED-LENGTH DATA ELEMENTS--GENERAL INFORMATION
fixed length control field 040604n2004 000 0 eng u
035 ## - SYSTEM CONTROL NUMBER
System control number (Sirsi) u126419
100 ## - MAIN ENTRY--PERSONAL NAME
Personal name Bingham, T.
245 ## - TITLE STATEMENT
Title Step right in
260 ## - PUBLICATION, DISTRIBUTION, ETC.
Date of publication, distribution, etc. 2004
490 ## - SERIES STATEMENT
Series statement Building
Volume/sequential designation 269(8334) 28 May 2004, 52-53(2)
490 ## - SERIES STATEMENT
Series statement Contract Journal
Volume/sequential designation 423(6479) 9 June 2004, 18(1)
520 ## - SUMMARY, ETC.
Summary, etc. Examines the recent case, "AWG Construction Ltd v Rockingham Motor Speedway Ltd" ([2004] EWHC 888 (TCC), [2004] TCLR 6.Here the two parties were in adjudication, but disagreements surfaced with AWG accusing R of placing new material and arguments which were very difficult to reply to. The adjudicator awarded £1.8m to R but the judge overturned this. The results of the adjudication lacked jurisdiction as issues outside of the dispute had been referred to. This had widened the issue, turning it into a different dispute. Argues that adjudicators should continue to allow further submissions but they should be within a strict timetable.
590 ## - LOCAL NOTE (RLIN)
Local note ABS
590 ## - LOCAL NOTE (RLIN)
Local note ABS
650 ## - SUBJECT ADDED ENTRY--TOPICAL TERM
Topical term or geographic name entry element AWG CONSTRUCTION LTD V ROCKINGHAM MOTOR SPEEDWAY LTD
650 ## - SUBJECT ADDED ENTRY--TOPICAL TERM
Topical term or geographic name entry element ADJUDICATION
650 ## - SUBJECT ADDED ENTRY--TOPICAL TERM
Topical term or geographic name entry element ADJUDICATION PROCEDURE
650 ## - SUBJECT ADDED ENTRY--TOPICAL TERM
Topical term or geographic name entry element BREACHES OF NATURAL JUSTICE
650 ## - SUBJECT ADDED ENTRY--TOPICAL TERM
Topical term or geographic name entry element DISPUTE RESOLUTION
9 (RLIN) 6236
690 ## - LOCAL SUBJECT ADDED ENTRY--TOPICAL TERM (OCLC, RLIN)
Topical term or geographic name as entry element BUILDING AND CONSTRUCTION-LAW
942 ## - ADDED ENTRY ELEMENTS (KOHA)
Suppress in OPAC 0
Holdings
Withdrawn status Lost status Source of classification or shelving scheme Damaged status Not for loan Home library Current library Shelving location Date acquired Total Checkouts Full call number Barcode Date last seen Copy number Price effective from Koha item type
    Dewey Decimal Classification     London London Journal article 04/06/2004   ABS67795 126419-1001 06/08/2019 1 06/08/2019 Journal article